| 000 | 00742nam a2200205 a 4500 | ||
|---|---|---|---|
| 008 | 101021s2006 ||||||||||||||||| || u | ||
| 020 | _a9783540242239 | ||
| 050 | _aTA 330 Ryc | ||
| 100 | _aRychlik, Igor | ||
| 245 | 1 | 0 |
_aProbability and risk analysis: an introduction for engineers _cby Igor Rychlik; Jesper Ryden |
| 260 |
_aNew York: _bSpringer _c2006 |
||
| 300 | _ax, 281p.: ill. | ||
| 350 | _a0.00 | ||
| 650 | _aRELIABILITY (ENGINEERING) | ||
| 650 | _aENGINEERING | ||
| 650 | 0 | _aENGINEERING MATHEMATICS | |
| 650 | 0 | _aPROBABILITIES | |
| 700 | _aRyden, Jesper | ||
| 995 |
_D0.00 _FCBU-MAIN LIBRARY (Kitwe) _H1 _I0.00 _M1 _UAVAILABLE _WNov 19, 2010 _ZMain Library Open Access Collection |
||
| 999 |
_c54736 _d54736 |
||